Statistics for Nottingham Tram Stops

Click here to take the quiz!

General Stats

  • This quiz has been taken 35 times
  • The average score is 24 of 51

Answer Stats

ZoneAnswer% Correct
Hucknall ZoneHucknall
95%
QMC ZoneQueens Medical Centre
90%
Beeston ZoneBeeston Town Centre
85%
Clifton ZoneClifton Centre
80%
Clifton ZoneClifton South
80%
Hyson Green ZoneHyson Green Market
75%
City Centre ZoneLace Market
75%
Bramcote ZoneToton Lane
75%
Hyson Green ZoneThe Forest
70%
City Centre ZoneNottingham Station
65%
City Centre ZoneOld Market Square
65%
Bulwell ZoneBulwell
60%
Bulwell ZonePhoenix Park
60%
Bramcote ZoneBramcote Lane
55%
City Centre ZoneNottingham Trent University
55%
QMC ZoneUniversity Boulevard
55%
QMC ZoneUniversity of Nottingham
55%
Bulwell ZoneDavid Lane
45%
QMC ZoneGregory Street
45%
Hyson Green ZoneHigh School
45%
City Centre ZoneNG2
45%
Hyson Green ZoneNoel Street
45%
City Centre ZoneRoyal Centre
45%
Hyson Green ZoneWilkinson Street
45%
Bulwell ZoneBasford
40%
Beeston ZoneChilwell Road
40%
Bulwell ZoneHighbury Vale
40%
Bulwell ZoneHighbury Vale
40%
Hucknall ZoneMoor Bridge
40%
Wilford ZoneWilford Village
40%
Hucknall ZoneButler's Hill
35%
Bramcote ZoneCator Lane
35%
Bulwell ZoneCinderhill
35%
Beeston ZoneHigh Road - Central College
35%
Clifton ZoneHoly Trinity
35%
City Centre ZoneMeadows Way West
35%
Beeston ZoneMiddle Street
35%
City Centre ZoneQueens Walk
35%
Wilford ZoneRuddington Lane
35%
Wilford ZoneWilford Lane
35%
Hyson Green ZoneBeaconsfield Street
30%
Wilford ZoneCompton Acres
30%
Bramcote ZoneInham Road
30%
Wilford ZoneMeadows Embankment
30%
Hyson Green ZoneRadford Road
30%
Hyson Green ZoneShipstone Street
30%
Clifton ZoneSummerwood Lane
30%
Bulwell ZoneBulwell Forest
25%
Bramcote ZoneEskdale Drive
25%
Clifton ZoneRivergreen
25%
Clifton ZoneSouthchurch Drive
25%

Score Distribution

Percentile by Number Answered

Percent of People with Each Score

Your Score History

You have not taken this quiz